000
00279nam a2200121Ia 4500
008
190216s9999||||xx |||||||||||||| ||und||
100
_a
Rajendra Mishra
245
0
_a
Hindi-Sampark Bhasha Aur Lipi
260
_b
Disha Prakashan
300
_a
136
650
_a
Hindi
942
_c
BK
999
_c
16462
_d
16462